[Event "Prvenstvo SSFBiH 2015"]
[Site "Lukavac"]
[Date "2016.04.02"]
[Round "4.11"]
[White "Bajramovic, Halid"]
[Black "Cosovic, Aziz"]
[Result "0-1"]
[WhiteElo "2163"]
[BlackElo "1995"]
[PlyCount "88"]
[EventDate "2016.03.31"]

1. d4 d5 2. Nf3 c6 3. g3 Nf6 4. Bg2 g6 5. O-O Bg7 6. b3 O-O 7. Bb2 Ne4 8. Na3
Be6 9. c4 Nd7 10. Qc2 Rc8 11. Rfd1 Qc7 12. e3 f5 13. Rab1 g5 14. Ne1 f4 15.
exf4 gxf4 16. f3 Ng5 17. g4 Bxg4 18. cxd5 Bf5 19. Nd3 Qd6 20. dxc6 Bxd4+ 21.
Bxd4 Qxd4+ 22. Qf2 Qxf2+ 23. Nxf2 Rxc6 24. h4 Nf7 25. Rb2 Nd6 26. Ne4 Bxe4 27.
fxe4 Ne5 28. Rd5 Ndf7 29. Nc4 Nxc4 30. bxc4 b6 31. Rd7 f3 32. Bh3 Ne5 33. Rxe7
Rg6+ 34. Kh2 Nxc4 35. Rc2 b5 36. Bf5 Rg7 37. Be6+ Kh8 38. Rxg7 Kxg7 39. Bxc4
bxc4 40. Kg3 f2 41. Rxf2 Rxf2 42. Kxf2 Kf6 43. Ke2 Ke5 44. Kd2 Kxe4 0-1

[Event "Prvenstvo SSFBiH 2015"]
[Site "Lukavac"]
[Date "2016.04.02"]
[Round "4.12"]
[White "Salkic, Mahir"]
[Black "Atlic, Mirza"]
[Result "0-1"]
[WhiteElo "2137"]
[BlackElo "1960"]
[PlyCount "98"]
[EventDate "2016.03.31"]

1. d4 Nf6 2. Nf3 g6 3. c4 Bg7 4. Nc3 O-O 5. Bg5 c5 6. d5 d6 7. e4 e6 8. Bd3 e5
9. Qd2 Na6 10. O-O Nc7 11. Nh4 h6 12. Bxh6 Bxh6 13. Qxh6 Ng4 14. Qd2 Qxh4 15.
h3 Nf6 16. f4 Qh6 17. Ne2 Nd7 18. Qa5 Ne8 19. Rad1 exf4 20. Nxf4 b6 21. Qa4 Ne5
22. b4 Bd7 23. Qa6 Ng7 24. bxc5 dxc5 25. Be2 g5 26. Nd3 Nxd3 27. Rxd3 Qd6 28.
Rdf3 Nh5 29. Qb7 Rab8 30. Qxa7 Ra8 31. Qb7 Rxa2 32. Re3 Bc8 33. e5 Qh6 34. Qc6
Qxc6 35. dxc6 Rxe2 36. Rxe2 Ng3 37. Rb2 Nxf1 38. Kxf1 Be6 39. Rxb6 Bxc4+ 40.
Ke1 Rc8 41. Kd2 Bd5 42. g3 Rxc6 43. Rb5 Be6 44. h4 gxh4 45. gxh4 c4 46. Kc3 Ra6
47. Rb8+ Kg7 48. Rd8 Ra3+ 49. Kb2 Re3 0-1

[Event "Prvenstvo SSFBiH 2015"]
[Site "Lukavac"]
[Date "2016.04.02"]
[Round "4.13"]
[White "Ruznic, Ramiz"]
[Black "Nezirovic, Ozren"]
[Result "0-1"]
[WhiteElo "1980"]
[BlackElo "2082"]
[PlyCount "140"]
[EventDate "2016.03.31"]

1. Nf3 g6 2. d4 Bg7 3. g3 c5 4. Bg2 cxd4 5. Nxd4 Nc6 6. c3 Qb6 7. Nb3 d6 8. O-O
Nf6 9. h3 O-O 10. e4 Be6 11. Be3 Qc7 12. Qe2 Ne5 13. Rd1 Nc4 14. Nd4 Bd7 15.
Bc1 e5 16. Nb3 Bb5 17. Qc2 Rad8 18. Bg5 h6 19. Bxf6 Bxf6 20. N1d2 Be7 21. Nxc4
Bxc4 22. Nd2 Be6 23. Nf1 f5 24. exf5 Bxf5 25. Qb3+ Kg7 26. Ne3 Qd7 27. g4 Be6
28. Bd5 Bxd5 29. Qxd5 Bh4 30. Rd2 Rf7 31. Rad1 Qa4 32. Qc4 Qe8 33. Ng2 Be7 34.
Qe4 Qc6 35. Rd5 Rdf8 36. R1d2 Qb6 37. Ne3 Rf4 38. Qg2 Qc6 39. R5d3 Bh4 40. Nd1
Be7 41. b3 R4f7 42. Ne3 Bg5 43. Rxd6 Qc7 44. R6d5 Qxc3 45. Rc2 Qe1+ 46. Qf1
Qxe3 47. Re2 Qg3+ 48. fxg3 Rxf1+ 49. Kg2 R1f7 50. Rdxe5 Bf6 51. R5e4 Rc8 52. h4
Rfc7 53. Ra4 Rc2 54. Kf3 Rxe2 55. Kxe2 a6 56. Rb4 Rc7 57. a4 Be5 58. Kf3 Rf7+
59. Kg2 Rc7 60. h5 g5 61. Rb6 Bf6 62. Kf3 Re7 63. Rd6 Kf7 64. b4 Rc7 65. b5 Ke7
66. Rd3 Rc3 67. Ke4 Rxd3 68. Kxd3 axb5 69. axb5 Be5 70. Kc4 Kd6 0-1

[Event "Prvenstvo SSFBiH 2015"]
[Site "Lukavac"]
[Date "2016.04.02"]
[Round "4.14"]
[White "Dugonjic, Dragan"]
[Black "Harcin, Amer"]
[Result "1-0"]
[WhiteElo "2079"]
[BlackElo "1953"]
[PlyCount "91"]
[EventDate "2016.03.31"]

1. c4 Nf6 2. Nc3 d5 3. d4 g6 4. Nf3 Bg7 5. e3 O-O 6. Be2 dxc4 7. Bxc4 c5 8. O-O
Nc6 9. a3 Bg4 10. dxc5 Qxd1 11. Rxd1 Ne5 12. Be2 Bxf3 13. gxf3 Rfd8 14. b4
Rxd1+ 15. Nxd1 Rd8 16. Bb2 Nd3 17. Bxd3 Rxd3 18. Kf1 Rd2 19. Ke1 Rc2 20. Rc1
Rxc1 21. Bxc1 Nd7 22. Bb2 Ne5 23. Bxe5 Bxe5 24. f4 Ba1 25. Kd2 e5 26. fxe5 Bxe5
27. f4 Bb8 28. Nb2 Kf8 29. Nc4 g5 30. fxg5 Bxh2 31. Kd3 Bc7 32. Ke4 Ke7 33. Kf5
Bh2 34. Na5 Bg1 35. Ke4 b6 36. Nc6+ Kd7 37. Nxa7 bxc5 38. bxc5 Bf2 39. a4 Bh4
40. Kf5 Be1 41. Nb5 Kc6 42. Nd6 Bf2 43. e4 Bxc5 44. Nxf7 Kd7 45. Ne5+ Ke7 46.
a5 1-0

[Event "Prvenstvo SSFBiH 2015"]
[Site "Lukavac"]
[Date "2016.04.02"]
[Round "4.15"]
[White "Mesic, Vehid"]
[Black "Mujacic, Haris"]
[Result "0-1"]
[WhiteElo "1999"]
[BlackElo "1853"]
[PlyCount "38"]
[EventDate "2016.03.31"]

1. e4 e6 2. d4 d5 3. e5 c5 4. c3 Nc6 5. Nf3 Qb6 6. Bd3 Bd7 7. O-O cxd4 8. cxd4
Nxd4 9. Nxd4 Qxd4 10. Nc3 a6 11. Qe2 Ne7 12. Kh1 Nc6 13. f4 Bc5 14. Bd2 Nb4 15.
Rf3 Nxd3 16. Rxd3 Qf2 17. Qg4 O-O-O 18. b4 Bxb4 19. Nd1 Qf1# 0-1

[Event "Prvenstvo SSFBiH 2015"]
[Site "Lukavac"]
[Date "2016.04.02"]
[Round "4.16"]
[White "Lapo, Safet"]
[Black "Coric, Ahmed"]
[Result "0-1"]
[WhiteElo "1821"]
[BlackElo "2079"]
[PlyCount "84"]
[EventDate "2016.03.31"]

1. d4 Nf6 2. Nf3 g6 3. g3 Bg7 4. Bg2 d5 5. Nbd2 O-O 6. O-O c5 7. e3 Nc6 8. dxc5
a5 9. Nd4 e5 10. Nxc6 bxc6 11. c4 Be6 12. Qa4 Qc7 13. b3 Nd7 14. Ba3 Rfb8 15.
cxd5 cxd5 16. Rac1 Ra7 17. c6 Nf6 18. Rc2 Bg4 19. Re1 Be6 20. Nf3 Ne4 21. Nd2
Nd6 22. Rc5 e4 23. Rec1 Nc8 24. Rb5 Nb6 25. Rxb6 Rxb6 26. Bf1 Bf8 27. Bxf8 Kxf8
28. Bb5 Qb8 29. Rc5 Qe5 30. Qd4 Qxd4 31. exd4 Rc7 32. Ba4 Rb4 33. Kg2 Rxd4 34.
Nf1 Ke7 35. Rxa5 Kd6 36. Ne3 Rd2 37. a3 f5 38. b4 d4 39. Nf1 Rb2 40. b5 e3 41.
b6 e2 42. bxc7 e1=Q 0-1

[Event "Prvenstvo SSFBiH 2015"]
[Site "Lukavac"]
[Date "2016.04.02"]
[Round "4.18"]
[White "Mutapcic, Nijaz"]
[Black "Hadziselimovic, Bernardina"]
[Result "0-1"]
[WhiteElo "1753"]
[BlackElo "1947"]
[PlyCount "100"]
[EventDate "2016.03.31"]

1. d4 Nf6 2. Bg5 e6 3. Nd2 d5 4. e4 Be7 5. e5 Nfd7 6. Be3 c5 7. c3 b6 8. Bb5
Ba6 9. Ba4 O-O 10. f4 f5 11. Ngf3 Kh8 12. g3 Rg8 13. h4 g6 14. Kf2 h5 15. Ng5
Bxg5 16. hxg5 Kg7 17. Qf3 Rh8 18. Rh4 Bd3 19. Rah1 b5 20. Bd1 Nc6 21. dxc5 a5
22. Bd4 Be4 23. Nxe4 dxe4 24. Qe2 b4 25. g4 fxg4 26. Qxe4 Qc7 27. Bc2 Nf8 28.
Bd1 Nd7 29. Ba4 Ne7 30. Rd1 Nxc5 31. Qc2 Nxa4 32. Qxa4 Rhd8 33. Rhh1 Qb7 34.
Rhf1 Nf5 35. Rd3 bxc3 36. bxc3 Qb2+ 37. Kg1 g3 38. Rxg3 Nxg3 39. Rf2 Qb7 40.
Rg2 h4 41. Qc4 Qb1+ 42. Kf2 Qc2+ 43. Kf3 Qe4+ 44. Kg4 Qxg2 45. Qc7+ Kg8 46. f5
Nxf5+ 47. Kf4 Nxd4 48. cxd4 Rxd4+ 49. Ke3 Qe4+ 50. Kf2 Rd2+ 0-1

[Event "Prvenstvo SSFBiH 2015"]
[Site "Lukavac"]
[Date "2016.04.02"]
[Round "4.19"]
[White "Zenelaj, Fisnik"]
[Black "Brcaninovic, Enes"]
[Result "1-0"]
[WhiteElo "1942"]
[BlackElo "1671"]
[PlyCount "53"]
[EventDate "2016.03.31"]

1. e4 e5 2. Nf3 Nc6 3. d4 exd4 4. Bc4 Bc5 5. c3 dxc3 6. Nxc3 Nge7 7. Ng5 Ne5 8.
Bxf7+ Nxf7 9. Nxf7 Kxf7 10. Qh5+ Ng6 11. Qxc5 d6 12. Qd5+ Be6 13. Qxb7 Rf8 14.
O-O Kg8 15. Nd5 Bxd5 16. Qxd5+ Kh8 17. Be3 Qf6 18. Rac1 c5 19. b3 Nf4 20. Bxf4
Qxf4 21. Rc3 Qf6 22. Rf3 Qe7 23. Rxf8+ Rxf8 24. Rd1 Qf6 25. f3 Rd8 26. e5 Qf4
27. Qxc5 1-0

[Event "Prvenstvo SSFBiH 2015"]
[Site "Lukavac"]
[Date "2016.04.02"]
[Round "4.20"]
[White "Softic, Kasim"]
[Black "Kustura, Hajrudin"]
[Result "1/2-1/2"]
[WhiteElo "1886"]
[BlackElo "1616"]
[PlyCount "123"]
[EventDate "2016.03.31"]

1. e4 e6 2. d4 d5 3. exd5 exd5 4. Nc3 Nf6 5. Bd3 Nc6 6. Nge2 Bg4 7. Be3 Qd7 8.
a3 a6 9. O-O Be7 10. Re1 O-O 11. Qd2 b5 12. h3 Bf5 13. Rac1 b4 14. axb4 Nxb4
15. Bxf5 Qxf5 16. Ng3 Qd7 17. b3 Rfe8 18. Na4 a5 19. Bg5 Qc6 20. f3 Qd7 21. c3
Nc6 22. Qc2 h6 23. Bf4 Bd6 24. Bxd6 Qxd6 25. Nf5 Qf4 26. Nc5 g6 27. g3 Rxe1+
28. Rxe1 Qxf5 29. Qxf5 gxf5 30. Ra1 Re8 31. Kf2 Kf8 32. Nb7 Ra8 33. b4 a4 34.
Ra3 Nd7 35. Ke3 Ke7 36. Kd3 Ra7 37. b5 Ncb8 38. Nc5 Nxc5+ 39. dxc5 Ra5 40. c4
Nd7 41. Kd4 dxc4 42. Kxc4 Ne5+ 43. Kd5 f6 44. f4 Nd7 45. Kc6 Nb8+ 46. Kxc7 Rxb5
47. Rxa4 Rxc5+ 48. Kxb8 Rc3 49. Ra7+ Ke6 50. Rg7 Kd5 51. h4 h5 52. Rg6 Ke4 53.
Kb7 Kf3 54. Kb6 Kf2 55. Rxf6 Kxg3 56. Rxf5 Kxh4 57. Rf8 Kg4 58. f5 Kg5 59. Kb5
Rf3 60. Kc4 Rxf5 61. Rxf5+ Kxf5 62. Kd3 1/2-1/2

[Event "Prvenstvo SSFBiH 2015"]
[Site "Lukavac"]
[Date "2016.04.02"]
[Round "4.21"]
[White "Mujcinovic, Muharem"]
[Black "Abdic, Husnija"]
[Result "1-0"]
[WhiteElo "1783"]
[BlackElo "1757"]
[PlyCount "77"]
[EventDate "2016.03.31"]

1. e4 d6 2. Nf3 g6 3. Bc4 Bg7 4. c3 Nf6 5. d3 O-O 6. O-O Nc6 7. Bb3 Bg4 8. h3
Bd7 9. Bg5 h6 10. Be3 e5 11. Nh2 Qe7 12. Nd2 Be6 13. Qc1 Bxb3 14. axb3 Kh7 15.
f4 exf4 16. Bxf4 a6 17. Ndf3 Ne5 18. Qd2 Rae8 19. Rae1 Ng8 20. b4 f6 21. Kh1
Rf7 22. Rf2 Ref8 23. d4 Nxf3 24. Nxf3 h5 25. Qd3 Bh6 26. Bg3 Qe6 27. Rfe2 c6
28. c4 b5 29. b3 Qd7 30. Nh4 f5 31. exf5 gxf5 32. Re6 Rf6 33. d5 Bg5 34. Nf3
Qg7 35. Bxd6 R8f7 36. Be5 Rxe6 37. dxe6 Rf6 38. Qd7 Bh6 39. e7 1-0

[Event "Prvenstvo SSFBiH 2015"]
[Site "Lukavac"]
[Date "2016.04.02"]
[Round "4.22"]
[White "Hankic, Ramiz"]
[Black "Nukic, Farik"]
[Result "1-0"]
[WhiteElo "1602"]
[BlackElo "1762"]
[PlyCount "61"]
[EventDate "2016.03.31"]

1. Nf3 Nf6 2. Nc3 d5 3. d4 Bf5 4. Ne5 Nbd7 5. f3 e6 6. Bf4 a6 7. g4 Nxe5 8.
dxe5 Nxg4 9. fxg4 Bxg4 10. Qd2 b5 11. Bg2 Bb4 12. a3 Ba5 13. Be3 c6 14. Bc5
Qh4+ 15. Bf2 Qh5 16. h3 Bf5 17. Bf3 Qh6 18. Qxh6 Bxc3+ 19. bxc3 gxh6 20. O-O-O
f6 21. exf6 Kf7 22. Bd4 Rhe8 23. Be5 Ra7 24. Rdg1 Bg6 25. h4 h5 26. Bxh5 Rg8
27. Rg5 Raa8 28. Bf3 h6 29. Rg3 h5 30. Rhg1 Rac8 31. Rxg6 1-0

[Event "Prvenstvo SSFBiH 2015"]
[Site "Lukavac"]
[Date "2016.04.02"]
[Round "4.23"]
[White "Mikic, Ivana"]
[Black "Zenelaj, Samuel"]
[Result "1-0"]
[WhiteElo "1595"]
[BlackElo "1691"]
[PlyCount "53"]
[EventDate "2016.03.31"]

1. e4 e6 2. d4 d5 3. e5 c5 4. c3 Nc6 5. Nf3 Qb6 6. a3 Bd7 7. b4 cxd4 8. cxd4 a5
9. b5 Na7 10. a4 Nc8 11. Ba3 Nh6 12. Bxf8 Rxf8 13. Bd3 Ne7 14. Nbd2 Nhf5 15.
Nb3 Ng6 16. Qd2 h6 17. O-O Qa7 18. Nc5 Nxd4 19. Nxd4 Qxc5 20. Bxg6 fxg6 21. Qd3
Ke7 22. Rfc1 Qb4 23. Rc7 Qb2 24. Rf1 Rac8 25. Rxb7 Kd8 26. Nc6+ Bxc6 27. bxc6
1-0

[Event "Prvenstvo SSFBiH 2015"]
[Site "Lukavac"]
[Date "2016.04.02"]
[Round "5.2"]
[White "Jakovljevic, Vlado"]
[Black "Obad, Andrija"]
[Result "1/2-1/2"]
[WhiteElo "2403"]
[BlackElo "2238"]
[PlyCount "47"]
[EventDate "2016.03.31"]

1. Nf3 d5 2. d4 Nf6 3. c4 c6 4. Nc3 e6 5. e3 Nbd7 6. Bd3 Be7 7. O-O O-O 8. b3
b6 9. Bb2 Bb7 10. Qe2 Qc7 11. Rac1 Rad8 12. Bb1 Qb8 13. Rcd1 Rfe8 14. e4 dxe4
15. Nxe4 c5 16. Neg5 h6 17. Ne4 Nxe4 18. Bxe4 Bxe4 19. Qxe4 Nf6 20. Qe2 Nd7 21.
dxc5 Nxc5 22. Ne5 Qb7 23. Ng4 Qe4 24. Qxe4 1/2-1/2

[Event "Prvenstvo SSFBiH 2015"]
[Site "Lukavac"]
[Date "2016.04.02"]
[Round "5.3"]
[White "Rosic, Slavko S"]
[Black "Boric, Muhamed"]
[Result "0-1"]
[WhiteElo "2230"]
[BlackElo "2394"]
[PlyCount "104"]
[EventDate "2016.03.31"]

1. e4 c5 2. Nf3 d6 3. d4 cxd4 4. Nxd4 Nf6 5. Nc3 a6 6. Bg5 e6 7. Qd2 h6 8. Bxf6
Qxf6 9. O-O-O Nc6 10. Nxc6 bxc6 11. f4 Qd8 12. e5 d5 13. g4 Qa5 14. h4 Rb8 15.
Rh3 Ba3 16. Na4 Bxb2+ 17. Nxb2 Qxa2 18. Qc3 Qa1+ 19. Kd2 Qxb2 20. Qxc6+ Bd7 21.
Qc3 Qb6 22. Qe3 Qa5+ 23. Ke2 Rb4 24. Rd4 Bb5+ 25. Kf2 Bxf1 26. Rxb4 Qxb4 27.
Kxf1 O-O 28. Rf3 Qb1+ 29. Kg2 Qxc2+ 30. Rf2 Qd1 31. Qf3 Qxf3+ 32. Kxf3 a5 33.
Ra2 Ra8 34. Ra4 h5 35. gxh5 Kh7 36. Kg4 Kh6 37. f5 Ra6 38. f6 gxf6 39. exf6 Ra8
40. Kf4 Kxh5 41. Ke5 Ra6 42. Kf4 Kxh4 43. Ra1 Kh5 44. Rh1+ Kg6 45. Ke5 Ra7 46.
Rg1+ Kh5 47. Rh1+ Kg4 48. Rg1+ Kf3 49. Rf1+ Ke2 50. Ra1 a4 51. Ra3 Kd2 52. Ra1
Kc3 0-1

[Event "Prvenstvo SSFBiH 2015"]
[Site "Lukavac"]
[Date "2016.04.02"]
[Round "5.4"]
[White "Vajic, Goran"]
[Black "Budimir, Boris"]
[Result "1/2-1/2"]
[WhiteElo "2306"]
[BlackElo "2249"]
[PlyCount "87"]
[EventDate "2016.03.31"]

1. e4 c5 2. Nc3 Nc6 3. f4 g6 4. Nf3 Bg7 5. Bb5 d6 6. d3 Bd7 7. O-O Nf6 8. Qe1
O-O 9. Bxc6 Bxc6 10. Qh4 e6 11. f5 Nd7 12. Qh3 exf5 13. exf5 Ne5 14. Ng5 h5 15.
fxg6 fxg6 16. Qe6+ Kh8 17. Bd2 Qd7 18. Qxd7 Bxd7 19. Nge4 c4 20. Bf4 cxd3 21.
cxd3 Nxd3 22. Bxd6 Rxf1+ 23. Kxf1 Bc6 24. Ba3 Re8 25. Rd1 Nf4 26. g3 Bxe4 27.
gxf4 Bc6 28. Bc5 a6 29. Bd4 Rf8 30. Bxg7+ Kxg7 31. Rd4 g5 32. Ne2 Kg6 33. Kf2
h4 34. Ke3 Re8+ 35. Kf2 Rf8 36. Ke3 g4 37. Rd6+ Rf6 38. Rd8 Kg7 39. Nd4 Bg2 40.
Rd7+ Kg8 41. Rd8+ Kg7 42. Rd7+ Kg8 43. Rd8+ Kg7 44. Rd7+ 1/2-1/2

[Event "Prvenstvo SSFBiH 2015"]
[Site "Lukavac"]
[Date "2016.04.02"]
[Round "5.5"]
[White "Mrndjic, Muamer"]
[Black "Trumic, Enes"]
[Result "1-0"]
[WhiteElo "2261"]
[BlackElo "2232"]
[PlyCount "137"]
[EventDate "2016.03.31"]

1. d4 d5 2. c4 c6 3. Nc3 Nf6 4. Nf3 e6 5. e3 Nbd7 6. Bd3 Bd6 7. O-O O-O 8. e4
dxc4 9. Bxc4 e5 10. h3 exd4 11. Nxd4 Nc5 12. f3 Be5 13. Be3 Qc7 14. f4 Bxd4 15.
Qxd4 b6 16. Rad1 Be6 17. Bxe6 Nxe6 18. Qd6 Rad8 19. Qxc7 Nxc7 20. Kf2 Rfe8 21.
Kf3 Kf8 22. g4 h6 23. Bf2 Ne6 24. h4 h5 25. gxh5 Nxh5 26. f5 Nc7 27. Be3 Rxd1
28. Rxd1 Ke7 29. Bg5+ f6 30. Be3 Rh8 31. Ne2 c5 32. Bg1 g6 33. Bh2 Ne8 34. fxg6
Nhg7 35. Bg3 f5 36. e5 Ne6 37. Rh1 N8g7 38. Bf4 Kf8 39. Ng3 Nd4+ 40. Ke3 Nh5
41. Nxh5 Rxh5 42. Bg5 Kg7 43. Bf6+ Kxg6 44. Rg1+ Kf7 45. Rg7+ Ke6 46. Rxa7 Nc2+
47. Kf4 Nb4 48. Re7+ Kd5 49. Rd7+ Ke6 50. Rd6+ Kf7 51. a3 Nc2 52. Rxb6 Nd4 53.
Rb7+ Ke6 54. Re7+ Kd5 55. Rd7+ Kc6 56. Rd6+ Kc7 57. b4 Ne2+ 58. Ke3 Nc3 59.
bxc5 Ne4 60. Ra6 Nxc5 61. Ra7+ Kc6 62. Re7 Kd5 63. Ra7 Kc6 64. Ra8 Nd7 65. Kf4
Nb6 66. Ra6 Kb7 67. Rxb6+ Kxb6 68. e6 Kc7 69. a4 1-0

[Event "Prvenstvo SSFBiH 2015"]
[Site "Lukavac"]
[Date "2016.04.02"]
[Round "5.6"]
[White "Arnaut, Armin"]
[Black "Bucan, Eldin"]
[Result "0-1"]
[WhiteElo "2048"]
[BlackElo "2172"]
[PlyCount "82"]
[EventDate "2016.03.31"]

1. g3 Nf6 2. d3 g6 3. Bg2 Bg7 4. Nc3 d6 5. e4 Nc6 6. Nf3 O-O 7. h3 e5 8. O-O
Bd7 9. Be3 Qc8 10. Kh2 Ne8 11. Nh4 h6 12. f4 exf4 13. gxf4 Qd8 14. Qe1 Nd4 15.
Rc1 c6 16. Qf2 Qf6 17. Nf3 Nxf3+ 18. Qxf3 Nc7 19. d4 Rfe8 20. Ne2 Qe7 21. Kh1
f5 22. e5 Kh7 23. Qg3 Rg8 24. Rfe1 Raf8 25. Bd2 dxe5 26. dxe5 Be6 27. c4 Rd8
28. Be3 Qb4 29. b3 Bf8 30. Qf2 Qa5 31. Ng1 Be7 32. Bxa7 c5 33. Bxb7 Qxa7 34.
Bg2 Qa5 35. Nf3 Ne8 36. Red1 Ng7 37. Ne1 Rxd1 38. Rxd1 Rd8 39. Rxd8 Qxd8 40. a4
Bh4 41. Qe2 Nh5 0-1

[Event "Prvenstvo SSFBiH 2015"]
[Site "Lukavac"]
[Date "2016.04.02"]
[Round "5.7"]
[White "Cosovic, Aziz"]
[Black "Sutkovic, Damir"]
[Result "0-1"]
[WhiteElo "1995"]
[BlackElo "2304"]
[PlyCount "110"]
[EventDate "2016.03.31"]

1. e4 c5 2. Nf3 b6 3. c4 Bb7 4. Nc3 e6 5. d3 d6 6. Bf4 e5 7. Bd2 Nf6 8. Be2 Be7
9. a4 Nc6 10. Nd5 a5 11. h3 O-O 12. O-O Nxd5 13. exd5 Nb4 14. Ne1 f5 15. f4 Bf6
16. fxe5 Bxe5 17. Bc3 Qe7 18. Qd2 Rae8 19. Bf3 Qh4 20. Bxe5 Rxe5 21. Nc2 Nxc2
22. Qxc2 Bc8 23. Qb3 Qd8 24. Rae1 Rfe8 25. Qc3 Bd7 26. Rxe5 dxe5 27. b3 Qc7 28.
Qc2 Qd6 29. Qf2 g6 30. Qh4 Kg7 31. Re1 h5 32. Qg5 Qf6 33. Qxf6+ Kxf6 34. Kf2 h4
35. Ke3 g5 36. Rf1 Kg6 37. Re1 Kf6 38. Rf1 Ke7 39. Rf2 Kd6 40. Re2 e4 41. dxe4
g4 42. Kf4 gxf3 43. gxf3 fxe4 44. fxe4 Rf8+ 45. Kg5 Ke5 46. Kxh4 Rh8+ 47. Kg5
Rxh3 48. Kg6 Rxb3 49. Kf7 Bxa4 50. Rh2 Rb4 51. Rh6 Kxe4 52. Ke7 Rxc4 53. Rxb6
Kxd5 54. Ra6 Bc6 55. Rxa5 Ra4 0-1

[Event "Prvenstvo SSFBiH 2015"]
[Site "Lukavac"]
[Date "2016.04.02"]
[Round "5.8"]
[White "Nurkic, Husein"]
[Black "Cabric, Izet"]
[Result "1-0"]
[WhiteElo "2218"]
[BlackElo "1934"]
[PlyCount "127"]
[EventDate "2016.03.31"]

1. e4 d6 2. d4 Nf6 3. Nc3 g6 4. f4 Bg7 5. e5 Nfd7 6. Nf3 O-O 7. Bd3 c5 8. dxc5
Nxc5 9. exd6 Qxd6 10. Be2 Bf5 11. Bd2 a6 12. Qc1 Nc6 13. O-O Nb4 14. Bd1 Nd5
15. Nxd5 Qxd5 16. Re1 Ne4 17. Be3 Rad8 18. c3 b5 19. Bb3 Qb7 20. Nd4 Bd7 21.
Qd1 Rfe8 22. Qf3 e6 23. Rad1 Nc5 24. Qxb7 Nxb7 25. Nc2 Nc5 26. Rd2 Nxb3 27.
axb3 Bc6 28. Red1 Rxd2 29. Rxd2 Bf8 30. b4 Bd5 31. Nd4 f6 32. Kf2 Kf7 33. Ne2
h6 34. g3 Be7 35. Nc1 a5 36. bxa5 b4 37. Ne2 Bc4 38. Bd4 g5 39. Rd1 Rd8 40. Ra1
e5 41. Be3 Ra8 42. fxe5 fxe5 43. Bb6 Ke6 44. Ke3 g4 45. cxb4 Rf8 46. Kd2 Bxb4+
47. Nc3 Ba6 48. Kc2 Rc8 49. Ra4 Bxc3 50. bxc3 Kf5 51. Kb3 Be2 52. Rb4 Rc6 53.
c4 h5 54. Kc3 Rd6 55. a6 Rd3+ 56. Kc2 Ra3 57. a7 Bf3 58. Rb5 Ra2+ 59. Kb3 Rxh2
60. Rd5 Rh3 61. a8=Q Bxd5 62. Qxd5 Rxg3+ 63. Kb4 h4 64. Bd4 1-0

[Event "Prvenstvo SSFBiH 2015"]
[Site "Lukavac"]
[Date "2016.04.02"]
[Round "5.9"]
[White "Nezirovic, Ozren"]
[Black "Mujacic, Haris"]
[Result "1/2-1/2"]
[WhiteElo "2082"]
[BlackElo "1853"]
[PlyCount "88"]
[EventDate "2016.03.31"]

1. e4 e6 2. d4 d5 3. e5 c5 4. c3 Nc6 5. Nf3 Qb6 6. Be2 cxd4 7. cxd4 Nge7 8. Na3
Nf5 9. Nc2 Bb4+ 10. Kf1 Be7 11. h4 h5 12. g3 Bd7 13. Rb1 Rc8 14. b3 Nb4 15.
Nxb4 Bxb4 16. a4 Bc3 17. Be3 Qb4 18. Qd3 O-O 19. Kg2 a6 20. Rhc1 b5 21. Bd1 g6
22. Bc2 Rc7 23. Qd1 Rfc8 24. Bxf5 exf5 25. axb5 Bxb5 26. Bg5 Qf8 27. Bf6 Bb4
28. Rxc7 Rxc7 29. Rc1 Qc8 30. Rxc7 Qxc7 31. e6 Be7 32. exf7+ Kxf7 33. Be5 Qc3
34. Bf4 Bf6 35. Be5 Bd3 36. Bxf6 Kxf6 37. Qd2 Qxd2 38. Nxd2 a5 39. Kf3 g5 40.
Ke3 Bc2 41. hxg5+ Kxg5 42. Nf3+ Kf6 43. Nd2 Kg5 44. Nf3+ Kf6 1/2-1/2

[Event "Prvenstvo SSFBiH 2015"]
[Site "Lukavac"]
[Date "2016.04.02"]
[Round "5.10"]
[White "Atlic, Mirza"]
[Black "Dugonjic, Dragan"]
[Result "1/2-1/2"]
[WhiteElo "1960"]
[BlackElo "2079"]
[PlyCount "97"]
[EventDate "2016.03.31"]

1. d4 Nf6 2. c4 g6 3. Nc3 Bg7 4. e4 d6 5. Nf3 O-O 6. Be2 Nc6 7. O-O e5 8. d5
Ne7 9. Ne1 Nd7 10. Be3 f5 11. f3 Nf6 12. Nd3 f4 13. Bf2 g5 14. c5 h5 15. Qb3
Ng6 16. Rfc1 Ne8 17. a4 g4 18. cxd6 cxd6 19. Nb5 a6 20. Na3 gxf3 21. Bxf3 Qg5
22. Nc4 Bg4 23. Kh1 Rf7 24. Nb6 Rd8 25. Qd1 Bf8 26. Ra3 Rg7 27. Ne1 Nf6 28. Qe2
Nh4 29. Bxh4 Qxh4 30. Rac3 Qg5 31. Rc7 Qg6 32. Rxg7+ Bxg7 33. h3 Bxf3 34. gxf3
Qg3 35. Qg2 h4 36. Qxg3 hxg3 37. Rc7 Rb8 38. Nd3 Ne8 39. Rc2 Kf7 40. b3 Bf6 41.
Nb2 Bd8 42. N2c4 Bxb6 43. Nxb6 Ke7 44. Kg2 Kd8 45. h4 Ke7 46. Rc1 Kf7 47. Kh3
Kg6 48. Kg2 Kh5 49. Kh3 1/2-1/2

[Event "Prvenstvo SSFBiH 2015"]
[Site "Lukavac"]
[Date "2016.04.02"]
[Round "5.11"]
[White "Mahmutbegovic, Muharem"]
[Black "Sinanovic, Ermin"]
[Result "0-1"]
[WhiteElo "2024"]
[BlackElo "2118"]
[PlyCount "84"]
[EventDate "2016.03.31"]

1. e4 c5 2. Nf3 e6 3. d4 cxd4 4. Nxd4 a6 5. Nc3 Qc7 6. Bd3 Nf6 7. O-O Be7 8.
Re1 d6 9. Be3 O-O 10. Qe2 b5 11. a3 Bb7 12. Rad1 Nbd7 13. Nf3 Ng4 14. Bf4 Nge5
15. Nxe5 dxe5 16. Bg3 Rfd8 17. Qe3 h6 18. Be2 Bg5 19. Qf3 f5 20. h4 Be7 21. Qh5
Nf6 22. Qg6 Bc6 23. Bh2 Be8 24. Qg3 f4 25. Qh3 Qb6 26. g4 Bc5 27. Qg2 g5 28. h5
Bc6 29. Kf1 a5 30. Bd3 b4 31. axb4 axb4 32. Ne2 f3 33. Qxf3 Rf8 34. Nf4 exf4
35. Bc4 Kf7 36. Bxf4 Bb5 37. Bxb5 Qxb5+ 38. Kg2 gxf4 39. Qxf4 Rg8 40. Kh3 Rxg4
41. Qxh6 Bxf2 42. Rf1 Rg3+ 0-1

[Event "Prvenstvo SSFBiH 2015"]
[Site "Lukavac"]
[Date "2016.04.02"]
[Round "5.12"]
[White "Coric, Ahmed"]
[Black "Zenelaj, Fisnik"]
[Result "0-1"]
[WhiteElo "2079"]
[BlackElo "1942"]
[PlyCount "84"]
[EventDate "2016.03.31"]

1. e4 c5 2. Nf3 d6 3. d4 cxd4 4. Nxd4 Nf6 5. Nc3 a6 6. f4 Nc6 7. Be2 e6 8. Be3
Be7 9. Qd2 Qc7 10. g4 b5 11. g5 Nd7 12. Bf3 Bb7 13. Qg2 b4 14. Nce2 Rc8 15. Rc1
Nc5 16. O-O Na4 17. c3 bxc3 18. Nxc3 Nc5 19. a3 Nxd4 20. Bxd4 Nb3 21. Bxg7 Rg8
22. Bh6 Nxc1 23. Rxc1 d5 24. e5 Qc5+ 25. Kh1 Qe3 26. Rf1 Rc4 27. h3 Bc6 28. Qc2
d4 29. Qg2 Kd7 30. Nd1 Qb3 31. Bxc6+ Rxc6 32. Qe4 Qxh3+ 33. Kg1 Qxh6 34. Qxd4+
Kc8 35. Qe4 Kc7 36. Kg2 Qg6 37. Qf3 Rd8 38. Nc3 Qc2+ 39. Rf2 Rd2 40. Rxd2 Qxd2+
41. Kh3 Qxb2 42. Ne4 Qxa3 0-1

[Event "Prvenstvo SSFBiH 2015"]
[Site "Lukavac"]
[Date "2016.04.02"]
[Round "5.13"]
[White "Kasumovic, Muhidin"]
[Black "Pasalic, Adnan"]
[Result "1-0"]
[WhiteElo "1989"]
[BlackElo "2064"]
[PlyCount "79"]
[EventDate "2016.03.31"]

1. e4 e6 2. Nf3 d5 3. Nc3 Nf6 4. e5 Nfd7 5. Bb5 a6 6. Ba4 b5 7. Bb3 c5 8. a3
Nc6 9. d3 Ncxe5 10. Nxe5 Nxe5 11. Qe2 Bd6 12. f4 Ng6 13. Bxd5 Ra7 14. O-O O-O
15. Bb3 Re7 16. Ne4 Bb7 17. Nxd6 Qxd6 18. Be3 Nh4 19. Rf2 Nf5 20. Re1 Rd7 21.
a4 Nd4 22. Bxd4 Qxd4 23. Qe5 c4 24. Qxd4 Rxd4 25. dxc4 bxc4 26. c3 Rd6 27. Bxc4
Rfd8 28. Bf1 a5 29. Re5 Ra8 30. h3 Bc6 31. Bb5 Bb7 32. f5 Rd1+ 33. Kh2 exf5 34.
Rexf5 f6 35. Re2 Kf7 36. Rc5 Kg6 37. Re7 Bd5 38. Be8+ Kh6 39. c4 Bg8 40. Rh5#
1-0

[Event "Prvenstvo SSFBiH 2015"]
[Site "Lukavac"]
[Date "2016.04.02"]
[Round "5.14"]
[White "Sabic, Muris"]
[Black "Salkic, Midhat"]
[Result "0-1"]
[WhiteElo "1983"]
[BlackElo "2028"]
[PlyCount "84"]
[EventDate "2016.03.31"]

1. e4 c5 2. Nf3 a6 3. c3 d5 4. exd5 Qxd5 5. d4 Nf6 6. Be2 e6 7. O-O Be7 8. Ne5
O-O 9. Bf3 Qd8 10. Bf4 cxd4 11. cxd4 Nd5 12. Bg3 b5 13. Nc3 Bb7 14. Rc1 Bg5 15.
Rc2 Nd7 16. Nd3 Nxc3 17. bxc3 Bxf3 18. Qxf3 Qb6 19. h4 Bf6 20. Nf4 Rac8 21. Re2
Qa5 22. Nh5 Rxc3 23. Nxf6+ Nxf6 24. Re3 Rxe3 25. fxe3 Qxa2 26. Be5 Qd5 27. Qe2
Ne4 28. Qg4 f6 29. Bh2 b4 30. h5 b3 31. h6 g6 32. Qe2 Ra8 33. Rc1 Qb5 34. Qb2
a5 35. Rc7 a4 36. Rg7+ Kh8 37. Qa3 b2 38. Rxh7+ Kxh7 39. Qe7+ Kxh6 40. Bf4+ g5
41. Qxe6 b1=Q+ 42. Kh2 gxf4 0-1